Online katalóg knižníc regiónu Turca

Aranžovanie kvetín (Record no. 22957)

MARC details
000 -LEADER
fixed length control field 01220nam a2200373 a 4500
001 - CONTROL NUMBER
control field 22957
003 - CONTROL NUMBER IDENTIFIER
control field SK-KTurca
005 - DATE AND TIME OF LATEST TRANSACTION
control field 20260513075734.0
008 - FIXED-LENGTH DATA ELEMENTS--GENERAL INFORMATION
fixed length control field 240314s2000 xo a r slo
015 ## - NATIONAL BIBLIOGRAPHY NUMBER
National bibliography number SNBA2001/06-01933
020 ## - INTERNATIONAL STANDARD BOOK NUMBER
International Standard Book Number 8071454001
035 ## - SYSTEM CONTROL NUMBER
System control number SNK000364655
035 ## - SYSTEM CONTROL NUMBER
System control number urn:nbn:sk:snk-amk4zk
035 ## - SYSTEM CONTROL NUMBER
System control number urn:nbn:sk:snk-am004wtk
035 ## - SYSTEM CONTROL NUMBER
System control number 98E5FEE3-B8BE-4764-8D75-C1F4D4DC6BB1
040 ## - CATALOGING SOURCE
Original cataloging agency SNK
Language of cataloging slo
Transcribing agency SNK
Description conventions AACR2
041 0# - LANGUAGE CODE
Language code of text/sound track or separate title slo
044 ## - COUNTRY OF PUBLISHING/PRODUCING ENTITY CODE
MARC country code xo
ISO country code SK
080 ## - UNIVERSAL DECIMAL CLASSIFICATION NUMBER
Universal Decimal Classification number 745.9(084.12)
Edition identifier 1981
100 1# - MAIN ENTRY--PERSONAL NAME
Personal name Hillier, Malcolm
Relationship aut
240 10 - UNIFORM TITLE
Uniform title Flower arranging
Language of a work Slovensky
245 10 - TITLE STATEMENT
Title Aranžovanie kvetín
Remainder of title praktická ilustrovaná príručka
Statement of responsibility, etc. [text Malcolm Hillier a Dorling Kindersley ; z anglického originálu preložila Dagmar Šťastná]
260 ## - PUBLICATION, DISTRIBUTION, ETC.
Place of publication, distribution, etc. Bratislava
Name of publisher, distributor, etc. Slovart
Date of publication, distribution, etc. 2000
300 ## - PHYSICAL DESCRIPTION
Extent 240 s.
Other physical details fotogr., sch.
Dimensions 22 cm
500 ## - GENERAL NOTE
General note Fotogr. na tit. strane
504 ## - BIBLIOGRAPHY, ETC. NOTE
Bibliography, etc. note Reg. Zoz.
650 07 - SUBJECT ADDED ENTRY--TOPICAL TERM
Topical term or geographic name entry element kvety
Source of heading or term SNKPH
650 07 - SUBJECT ADDED ENTRY--TOPICAL TERM
Topical term or geographic name entry element aranžovanie kvetov
Source of heading or term SNKPH
655 #7 - INDEX TERM--GENRE/FORM
Genre/form data or focus term príručky
Source of term SNKPH
700 1# - ADDED ENTRY--PERSONAL NAME
Personal name Šťastná, Dagmar
Relationship trl
710 0# - ADDED ENTRY--CORPORATE NAME
Corporate name or jurisdiction name as entry element Dorling Kindersley London, Veľká Británia
Relationship aut
942 ## - ADDED ENTRY ELEMENTS (KOHA)
Source of classification or shelving scheme Dewey Decimal Classification
Koha item type Odborná literatúra pre dospelých
Suppress in OPAC No
Holdings
Stav vyradenia Strata Poškodenie Spôsob nadobudnutia Domovská knižnica Aktuálna knižnica Dátum nadobudnutia Total checkouts Čiarový kód exemplára Date last seen Typ exemplára
      Dar Obecná knižnica Turčianska Štiavnička Obecná knižnica Turčianska Štiavnička 13.05.2026   4738001251 13.05.2026 Odborná literatúra pre dospelých
Projekt je podporený Slovenskou asociáciou knižníc
Prevádzkuje Turčianska knižnica Martin 2026